[Event "GER-chT Youth Countries 2019"]
[Site "Wuerzburg"]
[Date "2019.10.02"]
[Round "1"]
[White "Lorenz, Veronika"]
[Black "Ulrich, Helena Irene"]
[Result "1/2-1/2"]
[WhiteElo "1237"]
[BlackElo "1355"]
[Annotator "NA"]
[PlyCount "100"]
[EventDate "2019.10.02"]
[EventType "swiss"]
[EventRounds "7"]
[EventCountry "GER"]
[SourceTitle "playchess.com"]
[Source "ChessBase"]
[SourceQuality "1"]
[WhiteTeam "Berlin"]
[BlackTeam "Thüringen"]
[WhiteTeamCountry "GER"]
[BlackTeamCountry "GER"]
[TimeControl "40/5400+30:1800+30"]

1. e4 {[%emt 0:00:00]} c5 {[%emt 0:00:00]} 2. Nf3 {[%emt 0:00:00]} Nc6 {[%emt 0:00:00]} 3. d4 {[%emt 0:00:00]} cxd4 {[%emt 0:00:00]} 4. Nxd4 {[%emt 0:00:15]} Nf6 {[%emt 0:00:10]} 5. Nc3 {[%emt 0:00:29]} e5 {[%emt 0:00:22]} 6. Ndb5 {[%emt 0:00:21]} d6 {[%emt 0:00:15]} 7. Nd5 {[%emt 0:01:06]} Nxd5 {[%emt 0:00:15]} 8. exd5 {[%emt 0:00:36]} Ne7 {[%emt 0:00:13]} 9. c4 {[%emt 0:01:03]} Ng6 {[%emt 0:00:57]} 10. Bd3 {[%emt 0:00:41]} Be7 {[%emt 0:01:00]} 11. O-O {[%emt 0:00:17]} O-O {[%emt 0:00:33]} 12. Bd2 {[%emt 0:02:29]} a6 {[%emt 0:04:08]} 13. Nc3 {[%emt 0:00:52]} f5 {[%emt 0:02:07]} 14. Qe2 {[%emt 0:10:43]} Bg5 {[%emt 0:09:06]} 15. Bxg5 {[%emt 0:21:12]} Qxg5 {[%emt 0:00:34]} 16. Rfd1 {[%emt 0:07:37]} Nf4 {[%emt 0:04:48]} 17. Qf1 {[%emt 0:00:37]} Rf6 {[%emt 0:28:01]} 18. Ne2 {[%emt 0:02:57]} Nxe2+ {[%emt 0:02:51]} 19. Bxe2 {[%emt 0:01:17]} f4 {[%emt 0:02:34]} 20. Bf3 {[%emt 0:02:37]} Bf5 {[%emt 0:02:36]} 21. Re1 {[%emt 0:00:54]} Re8 {[%emt 0:01:03]} 22. Be4 {[%emt 0:05:26]} Bh3 {[%emt 0:04:45]} 23. Kh1 {[%emt 0:01:21]} Bf5 {[%emt 0:04:44]} 24. Rac1 {[%emt 0:03:34]} Rc8 {[%emt 0:03:49]} 25. Rc3 {[%emt 0:03:43]} Rff8 {[%emt 0:04:35]} 26. Qe2 {[%emt 0:09:38]} Rc7 {[%emt 0:03:58]} 27. Bxf5 {[%emt 0:01:55]} Qxf5 {[%emt 0:01:04]} 28. Rf3 {[%emt 0:01:31]} Qg6 {[%emt 0:03:36]} 29. Qe4 {[%emt 0:07:06]} Qxe4 {[%emt 0:00:53]} 30. Rxe4 {[%emt 0:00:08]} b5 {[%emt 0:00:18]} 31. b3 {[%emt 0:01:12]} Rfc8 {[%emt 0:01:05]} 32. Rc3 {[%emt 0:00:41]} bxc4 {[%emt 0:00:46]} 33. Rcxc4 {[%emt 0:00:36]} Rxc4 {[%emt 0:00:45]} 34. Rxc4 {[%emt 0:00:08]} Rxc4 {[%emt 0:00:17]} 35. bxc4 {[%emt 0:00:07]} Kf8 {[%emt 0:00:41]} 36. Kg1 {[%emt 0:01:01]} Ke7 {[%emt 0:00:46]} 37. Kf1 {[%emt 0:00:22]} Kf6 {[%emt 0:00:29]} 38. Ke2 {[%emt 0:00:38]} e4 {[%emt 0:00:37]} 39. g3 {[%emt 0:03:00]} g5 {[%emt 0:00:49]} 40. Kd2 {[%emt 0:02:47]} Kf5 {[%emt 0:02:23]} 41. h3 {[%emt 0:33:07]} Ke5 42. gxf4+ {[%emt 0:00:38]} gxf4 {[%emt 0:31:37]} 43. Kc3 {[%emt 0:00:54]} e3 {[%emt 0:01:41]} 44. fxe3 {[%emt 0:00:44]} fxe3 {[%emt 0:00:06]} 45. Kd3 {[%emt 0:00:10]} Kf4 {[%emt 0:00:24]} 46. Ke2 {[%emt 0:05:28]} Ke4 {[%emt 0:04:00]} 47. c5 {[%emt 0:00:00]} Kxd5 {[%emt 0:00:00]} 48. cxd6 {[%emt 0:00:00]} Kxd6 {[%emt 0:00:00]} 49. Kxe3 {[%emt 0:00:00]} Ke5 {[%emt 0:00:00]} 50. h4 {[%emt 0:00:00]} h5 {[%emt 0:00:00] normal} 1/2-1/2

[Event "GER-chT Youth Countries 2019"]
[Site "Wuerzburg"]
[Date "2019.10.02"]
[Round "1"]
[White "Heinze, Sofie"]
[Black "Pohle, Saskia"]
[Result "0-1"]
[WhiteElo "1207"]
[BlackElo "1716"]
[Annotator "NA"]
[PlyCount "70"]
[EventDate "2019.10.02"]
[EventType "team-tourn"]
[EventRounds "7"]
[EventCountry "GER"]
[SourceTitle "playchess.com"]
[Source "ChessBase"]
[SourceQuality "1"]
[WhiteTeam "Germany"]
[BlackTeam "Germany"]
[WhiteTeamCountry "GER"]
[BlackTeamCountry "GER"]
[TimeControl "40/5400+30:1800+30"]

1. d4 {[%emt 0:00:00]} Nf6 {[%emt 0:00:00]} 2. Nf3 {[%emt 0:00:00]} g6 {[%emt 0:00:00]} 3. g3 {[%emt 0:00:05]} Bg7 {[%emt 0:00:00]} 4. Bg2 {[%emt 0:00:12]} O-O {[%emt 0:00:32]} 5. O-O {[%emt 0:00:17]} d5 {[%emt 0:00:39]} 6. Nbd2 {[%emt 0:00:12]} Nbd7 {[%emt 0:06:20]} 7. c4 {[%emt 0:01:03]} c5 {[%emt 0:01:20]} 8. e3 {[%emt 0:01:20]} e6 {[%emt 0:01:22]} 9. b3 {[%emt 0:00:23]} b6 {[%emt 0:00:34]} 10. Bb2 {[%emt 0:00:09]} Bb7 {[%emt 0:00:07]} 11. Re1 {[%emt 0:00:45]} Rc8 {[%emt 0:02:20]} 12. Qe2 Qe7 {[%emt 0:06:06]} 13. Rac1 {[%emt 0:08:25]} Rfd8 {[%emt 0:01:23]} 14. Ng5 {[%emt 0:02:13]} h6 {[%emt 0:03:07]} 15. Nh3 {[%emt 0:02:06]} cxd4 {[%emt 0:07:19]} 16. exd4 {[%emt 0:02:50]} Nb8 {[%emt 0:09:42]} 17. Qe3 {[%emt 0:08:02]} Qd7 {[%emt 0:04:48]} 18. Ba3 {[%emt 0:12:24]} dxc4 {[%emt 0:04:27]} 19. Nxc4 {[%emt 0:00:30]} Bxg2 {[%emt 0:02:14]} 20. Kxg2 {[%emt 0:00:42]} Qxd4 {[%emt 0:04:10]} 21. Qf3 {[%emt 0:01:50]} Qd5 {[%emt 0:02:29]} 22. Ng1 {[%emt 0:04:19]} Nc6 {[%emt 0:05:03]} 23. Kf1 {[%emt 0:01:00]} Qxf3 {[%emt 0:01:16]} 24. Nxf3 {[%emt 0:00:16]} Nd4 {[%emt 0:04:28]} 25. Nfe5 {[%emt 0:01:01]} Nb5 {[%emt 0:01:47]} 26. Be7 {[%emt 0:01:09]} Rd4 {[%emt 0:03:26]} 27. a4 {[%emt 0:01:42]} Nd5 {[%emt 0:05:45]} 28. axb5 {[%emt 0:01:33]} Nxe7 {[%emt 0:00:11]} 29. Nf3 {[%emt 0:02:15]} Rd5 {[%emt 0:01:22]} 30. Kg1 {[%emt 0:12:11]} Rcc5 {[%emt 0:04:13]} 31. Nfd2 {[%emt 0:05:24]} Rxb5 {[%emt 0:01:26]} 32. Red1 {[%emt 0:08:23]} Rd3 {[%emt 0:03:08]} 33. Rb1 {[%emt 0:00:19]} Rbd5 {[%emt 0:00:22]} 34. Rbc1 {[%emt 0:04:04]} Nf5 {[%emt 0:02:17]} 35. Rc2 {[%emt 0:01:03]} Nd4 {[%emt 0:00:54] normal} 0-1